Statistics for Country by Current Leader #1

Click here to take the quiz!

General Stats

  • This quiz has been taken 30 times
  • The average score is 8 of 10

Answer Stats

HintAnswer% Correct
Justin TrudeauCanada
100%
Xi JinpingChina
100%
Emmanuel MacronFrance
100%
Vladimir PutinRussia
100%
Shinzō AbeJapan
97%
Scott MorrisonAustralia
90%
Pedro SánchezSpain
86%
Frank-Walter SteinmeierGermany
69%
Jacinda ArdernNew Zealand
62%
Ram Noth KovindIndia
45%

Score Distribution

Percentile by Number Answered

Percent of People with Each Score

Your Score History

You have not taken this quiz